| 000 | 00378 a2200121 4500 | ||
|---|---|---|---|
| 001 | ART_9280 | ||
| 005 | 20260410161846.0 | ||
| 008 | 260409a | ||
| 245 | 1 | 0 | _aMonetarismo global, empleo y estratificación social |
| 100 | 1 | _aTokman, Víctor E. | |
| 700 | 1 | _aLagos, Ricardo | |
| 773 | 0 |
_tEl trimestre económico _g- Vol. L, Nº 199 (jul./set. 1983) _wREV6933 |
|
| 999 |
_c24536 _d24536 |
||